Countries That End in NA - Statistics

General Stats
  • This quiz has been taken 4,241 times
  • The average score is 3 of 6
Answer Stats
country % Correct
Ghana
76%
China
56%
Argentina
51%
Botswana
47%
Guyana
37%
Bosnia and Herzegovina
24%
No matching quizzes found
Score Distribution
Percent of People with Each Score
Percentile by Number Answered
Your Score History
You have not taken this quiz